000 02324nam a2200373 i 4500
001 194526
003 SpMaBN
005 20250711063124.0
008 240503s2002 sp | ||| ||spa
016 7 _abimoBNE20030285791
_2SpMaBN
017 _aM 49991-2002
_bOficina Depósito Legal Madrid
020 _a848460229X
035 _a(OCoLC)1004306259
040 _aSpMaBN
_bspa
_cSpMaBN
_erdc
080 _a821.134.2-14"19"
100 1 _aSabina, Joaquín,
_d1949-
_0XX951881
_9240757
_eaut
245 1 0 _aCon buena letra /
_cJoaquín Sabina
250 _aPrimera edición: octubre 2002
_bTercera edición: diciembre 2002
260 _aMadrid :
_bTemas de hoy,
_c2002
300 _a325 páginas :
_bil. col. ;
_c22 cm
336 _2rdacontent
_atexto
337 _2rdamedia
_asin mediación
338 _2rdacarrier
_avolumen
520 _aCon buena letra recoge todas las canciones de Joaquín Sabina, desde sus inicios hasta la actualidad. Leerlas es descifrar el catecismo de un vividor. Porque su autor ha sabido crear un personaje que a estas alturas es ya un auténtico mito popular, ese calavera flaco e irreductible que encarna la diversión, la nocturnidad, la poesía de la calle, la pasión sin contratos, la irreverencia, la sinceridad y la utopía. El lector se sorprenderá al reconocer en estas letras parte de su mundo, y aún más al descubrir en las anotaciones manuscritas de Joaquín los nombres reales de los personajes de muchas de sus historias, los homenajes encubiertos a poetas y compositores, o la ironía con que el autor salda cuentas con su propio pasado. Los dibujos de Joaquín Sabina y las ilustraciones que ambientan cada texto permiten disfrutar doblemente de su poesía, una poesía inteligente y emocionante como pocas.
650 4 _910726
_aCanciones españolas-
_yS.XX
700 1 _993605
_aPrado, Benjamín
_eaui
852 _aES-MaACL
_cDEPOJ
_jN-9936
_hDonación: José Lázaro García
_xEncuadernación cartoné
_9205857
903 _9234219
_aLázaro García, José
_ednr
942 _cMONOGRAFIA
_n0
999 _c194526
_d194526